00697nam a2200193 a 450000100060000000300090000600800410001502000150005604000280007108200160009910000230011524500390013825000060017726000850018330000100026849000570027850501040033565000640043912681CO-ViMGA141112s2004 ck r 000 u spa d a9589089186 aCO-ViMGAbspacCO-ViMGA04a370.78 B74i1 aBriones, Guillermo10aLa investigación de la comunidad a2 aSantafé de Bogotá : bSecretaria Ejecutiva del Convenio Andres Bello, c1993 a207p. aFormación de docentes en investigación educativa aUnidad 1Que es una comunidad. Unidad 2 Tecnicas de Investigación para el estudio de la comunidad.14aTECNICAS DE Investigación PARA EL ESTUDIO DE LA COMUNIDAD